Opportunities for increasing crop yields (Record no. 36728)

MARC details
000 -LEADER
fixed length control field 00391nam a2200145Ia 4500
082 ## - DEWEY DECIMAL CLASSIFICATION NUMBER
Classification number 633
Item number HUR
245 #0 - TITLE STATEMENT
Title Opportunities for increasing crop yields
260 ## - PUBLICATION, DISTRIBUTION, ETC. (IMPRINT)
Place of publication London
Name of publisher Pitman
Year of publication 1980
490 ## - SERIES STATEMENT
Series statement Pitman international series in applied biology
650 ## - SUBJECT ADDED ENTRY--TOPICAL TERM
Topical Term Crop yield
650 ## - SUBJECT ADDED ENTRY--TOPICAL TERM
Topical Term Weed control
700 ## - ADDED ENTRY--PERSONAL NAME
Personal name HURD, R G
942 ## - ADDED ENTRY ELEMENTS (KOHA)
Koha item type Books
Holdings
Withdrawn status Lost status Damaged status Not for loan Home library Current library Date acquired Full call number Accession Number Koha item type
        RRII Library RRII Library 16/12/2021 633 HUR 17129 Books